عرض عادي
عرض مارك
- Jennison, Christopher,
مدخل إسم شخص
001 - رقم الضبط
- حقل الضبط: 4598
003 - معرف رقم الضبط
- حقل الضبط: OSt
005 - تاريخ ووقت أخر عملية
- حقل الضبط: 20110915064209.0
008 - عناصر بيانات ثابتة الطول
- حقل تحكم ثابت الطول: 110915|||a|||||| | ||| d
040 ## - مصدر الفهرسة
- هيئة الفهرسة الأصلية: OSt
- وكالة الكتابة: OSt
100 ## - مدخل -- أسم شخص
- إسم شخص: Jennison, Christopher,
- تواريخ مرتبطة بالاسم: 1956-
670 ## - بيانات المصدر موجوده
- الاستشهاد بالمصدر: Work cat.: (OSt)898: Jennison, Christopher, 1956-, Group sequential methods with applications to clinical trials , c2000.
